Business organisation and commercial practice (Record no. 5981)

MARC details
000 -LEADER
fixed length control field 00690cam a2200241ua 4500
001 - CONTROL NUMBER
control field 6838
005 - DATE AND TIME OF LATEST TRANSACTION
control field 20260515114119.0
008 - FIXED-LENGTH DATA ELEMENTS--GENERAL INFORMATION
fixed length control field 140311n ii |||gr||||Z||||||eng
020 ## - INTERNATIONAL STANDARD BOOK NUMBER
International Standard Book Number 81-7096-807-0
040 ## - CATALOGING SOURCE
Transcribing agency MAIN
082 ## - DEWEY DECIMAL CLASSIFICATION NUMBER
Classification number 651
245 ## - TITLE STATEMENT
Title Business organisation and commercial practice
Statement of responsibility, etc. By S.S Sarkar
250 ## - EDITION STATEMENT
Edition statement 1st ed. /
Remainder of edition statement For class XI.
260 ## - PUBLICATION, DISTRIBUTION, ETC.
Place of publication, distribution, etc. Ludhiana:
Name of publisher, distributor, etc. Kalyani publishers,
Date of publication, distribution, etc. 1997.
300 ## - PHYSICAL DESCRIPTION
Extent x,441p.
653 ## - INDEX TERM--UNCONTROLLED
Uncontrolled term Office services
653 ## - INDEX TERM--UNCONTROLLED
Uncontrolled term Business organisation and commercial practice
700 ## - ADDED ENTRY--PERSONAL NAME
Personal name Sarkar,S.S.,
Relator term Author.,
700 ## - ADDED ENTRY--PERSONAL NAME
Personal name Sharma,R.K.,
Relator term Author.
700 ## - ADDED ENTRY--PERSONAL NAME
Personal name Gupta,Shashi K.,
Relator term Author.
700 ## - ADDED ENTRY--PERSONAL NAME
Personal name Nayyar,Sushil,
Relator term Author.
942 ## - ADDED ENTRY ELEMENTS (KOHA)
Koha item type Books
Holdings
Withdrawn status Lost status Damaged status Not for loan Home library Current library Shelving location Date acquired Total checkouts Full call number Barcode Date last seen Copy number Price effective from Koha item type
        Naharkatiya College Library Naharkatiya College Library General stacks 09/19/2020   651 | SAR 14010 09/19/2020 1 09/19/2020 Books
        Naharkatiya College Library Naharkatiya College Library General stacks 09/19/2020   651 | SAR 14011 09/19/2020 2 09/19/2020 Books